Горные леса / (Record no. 308882)
[ view plain ]
| 000 -LEADER | |
|---|---|
| fixed length control field | 00883nam a2200229 a 4500 |
| 001 - CONTROL NUMBER | |
| control field | 000876669 |
| 003 - CONTROL NUMBER IDENTIFIER | |
| control field | AM-YeHGA |
| 005 - DATE AND TIME OF LATEST TRANSACTION | |
| control field | 20250617145250.0 |
| 008 - FIXED-LENGTH DATA ELEMENTS--GENERAL INFORMATION | |
| fixed length control field | 120312s1979 ru |||||r|||||000|0|rus d |
| 040 ## - CATALOGING SOURCE | |
| Original cataloging agency | AM-YeHGA |
| 041 ## - LANGUAGE CODE | |
| Language code of text/sound track or separate title | rus |
| 090 ## - LOCALLY ASSIGNED LC-TYPE CALL NUMBER (OCLC); LOCAL CALL NUMBER (RLIN) | |
| -- | 310593 |
| 245 00 - TITLE STATEMENT | |
| Title | Горные леса / |
| Statement of responsibility, etc. | Под общ. ред. С.Г. Синицына. |
| 260 ## - PUBLICATION, DISTRIBUTION, ETC. | |
| Place of publication, distribution, etc. | Москва : |
| Name of publisher, distributor, etc. | Лесная промышленность, |
| Date of publication, distribution, etc. | 1979. |
| 300 ## - PHYSICAL DESCRIPTION | |
| Extent | 200 с. |
| 504 ## - BIBLIOGRAPHY, ETC. NOTE | |
| Bibliography, etc. note | Библиогр.: с. 196 - 200 |
| 650 14 - SUBJECT ADDED ENTRY--TOPICAL TERM | |
| Topical term or geographic name entry element | Лесное хозяйство |
| 653 1# - INDEX TERM--UNCONTROLLED | |
| Uncontrolled term | особенности строения горных лесов |
| -- | лесной фонд |
| 700 1# - ADDED ENTRY--PERSONAL NAME | |
| Personal name | Синицын, Станислав Григорьевич |
| Relator term | ред. |
| -- | авт. |
| Relationship | edt |
| -- | aui |
| 700 1# - ADDED ENTRY--PERSONAL NAME | |
| Personal name | Агеенко, Анатолий Сергеевич |
| 700 1# - ADDED ENTRY--PERSONAL NAME | |
| Personal name | Гигаури, Георгий Николаевич |
| Withdrawn status | Lost status | Damaged status | Not for loan | Collection | Home library | Current library | Date acquired | Total checkouts | Full call number | Barcode | Date last seen | Price effective from | Koha item type | Public note |
|---|---|---|---|---|---|---|---|---|---|---|---|---|---|---|
| General | Fundamental Scientific Library | Fundamental Scientific Library | 09/01/2017 | PII/445544 | FL0362285 | 09/01/2017 | 09/01/2017 | Գրքեր / Books | 30 Days Loan |
ՀՀ Գիտությունների ազգային ակադեմիայի հիմնարար գիտական գրադարան = Fundamental Scientific Library of NAS RA
All site content, except where otherwise noted, is licensed under a